Jelzálogvalorizációs kérdések
Elmentve itt :
| Szerző: | |
|---|---|
| Dokumentumtípus: | Cikk |
| Megjelent: |
1930
|
| Sorozat: | Polgári jog : a hazai és külföldi magánjog és hiteljog szemléje
6 |
| Kulcsszavak: | Jelzálog |
| Online Access: | http://misc.bibl.u-szeged.hu/5580 |
| LEADER | 00591nab a2200169 i 4500 | ||
|---|---|---|---|
| 001 | misc5580 | ||
| 005 | 20191106142627.0 | ||
| 008 | 170607s1930 hu o 0|| hun d | ||
| 040 | |a SZTE Miscellanea Repozitórium |b hun | ||
| 041 | |a hun | ||
| 100 | 1 | |a Blau György | |
| 245 | 1 | 0 | |a Jelzálogvalorizációs kérdések |h [elektronikus dokumentum] / |c Blau György |
| 260 | |c 1930 | ||
| 300 | |a 321-328a | ||
| 490 | 0 | |a Polgári jog : a hazai és külföldi magánjog és hiteljog szemléje |v 6 | |
| 695 | |a Jelzálog | ||
| 856 | 4 | 0 | |u http://misc.bibl.u-szeged.hu/5580/1/polgari_jog_1930_321-328a.pdf |z Dokumentum-elérés |